The Night the Lights Went Out in Georgia Lyrics - Reba McEntire - Statistics

General Stats
  • This quiz has been taken 9 times
  • The average score is 297 of 443
Answer Stats
Lyric % Correct
a
100%
an
100%
back
100%
do
100%
don't
100%
go
100%
"Hi
100%
his
100%
hung
100%
I
100%
in
100%
on
100%
so
100%
that
100%
that's
100%
the
100%
they
100%
to
100%
went
100%
when
100%
you
100%
your
100%
and
86%
at
86%
blood
86%
bloodstains
86%
'cause
86%
Georgia
86%
got
86%
hands
86%
He
86%
he
86%
her
86%
innocent
86%
judge
86%
lawyer
86%
light
86%
lights
86%
man
86%
night
86%
no
86%
out
86%
soul
86%
southern
86%
trust
86%
was
86%
backwoods
71%
be
71%
been
71%
have
71%
home
71%
my
71%
myself'
71%
she
71%
too
71%
way
71%
with
71%
Wo
71%
brother
57%
down
57%
for
57%
friend
57%
get
57%
gun
57%
him
57%
know
57%
new?"
57%
one
57%
said
57%
saw
57%
see
57%
shot
57%
town
57%
were
57%
wife
57%
ain't
43%
Andy
43%
as
43%
bad
43%
before
43%
big
43%
boy
43%
"boy
43%
but
43%
drink
43%
from
43%
gone
43%
gonna
43%
gotta
43%
had
43%
head
43%
he'd
43%
house
43%
it"
43%
i've
43%
just
43%
news
43%
now
43%
of
43%
say
43%
she's
43%
sister
43%
some
43%
stop
43%
tell
43%
their
43%
thought
43%
towns
43%
town's
43%
truth
43%
two
43%
well
43%
what's
43%
while
43%
you've
43%
Amos
29%
bar
29%
bellied
29%
best
29%
body
29%
bride
29%
came
29%
Candletop
29%
cheating
29%
Daddy
29%
didn't
29%
'em
29%
fired
29%
flag
29%
found
29%
friends
29%
hurt"
29%
"i'm
29%
left
29%
lost
29%
make
29%
mine
29%
never
29%
off
29%
red
29%
right
29%
seeing
29%
sherriff
29%
since
29%
small
29%
that'll
29%
through
29%
tracks
29%
weeks
29%
"why'd
29%
young
29%
aims
14%
Andy's
14%
believe
14%
far
14%
floor
14%
'fore
14%
grabbed
14%
guilty
14%
hello
14%
little
14%
live
14%
lose
14%
mad
14%
many
14%
miss
14%
mouse
14%
only
14%
patrol
14%
puddle
14%
quiet
14%
Seth"
14%
"Sit
14%
slapped
14%
slipping
14%
smile
14%
"suppers
14%
thing
14%
tonight
14%
trial
14%
upon
14%
waiting
14%
walking
14%
Web's
14%
Wo-lo
14%
coud
0%
door
0%
finally
0%
houe
0%
looked
0%
lying
0%
making
0%
must
0%
porch
0%
rounds
0%
scared
0%
screen
0%
shake
0%
started
0%
No matching quizzes found
Score Distribution
Percent of People with Each Score
Percentile by Number Answered
Your Score History
You have not taken this quiz